| 000 | 01317cas a2200385 i 4500 | ||
|---|---|---|---|
| 003 | CSPC | ||
| 005 | 20251128132458.0 | ||
| 008 | 112825c2018 njubr pso 0 a0eng c | ||
| 022 | _a1940-4921 | ||
| 040 |
_aCSPC _beng _cCSPC _drda |
||
| 050 | 1 | 4 |
_aRC954 _b.R45 |
| 060 | 0 | 0 |
_aW1 _bRE227FM |
| 082 | 1 | 0 |
_a610 _214 _bR311 |
| 245 | 0 | 0 | _aResearch in gerontological nursing. |
| 264 |
_aThorofare, New Jersey : _bSlack Incorporated, _c2018. |
||
| 300 |
_avolumes : _billustrations ; _c27 cm. |
||
| 310 | _aBimonthly | ||
| 336 |
_atext _btxt _2rdacontent |
||
| 337 |
_acomputer _bc _2rdamedia |
||
| 338 |
_aonline resource _bcr _2rdacarrier |
||
| 362 | 1 | _aVolume 11, Number 1 | |
| 362 | 1 | _aVolume 10, Number 6 | |
| 504 | _aIncludes bibliographical references. | ||
| 521 | _aCollege of Health and Sciences CHS | ||
| 650 | 0 |
_aGeriatric nursing _vPeriodicals. |
|
| 650 | 1 | 2 | _aGeriatric Nursing |
| 650 | 7 |
_aGeriatric nursing. _2fast _0(OCoLC)fst00941229 |
|
| 655 | 0 | _aElectronic journals. | |
| 655 | 2 | _aPeriodical | |
| 655 | 7 |
_aPeriodicals. _2fast _0(OCoLC)fst01411641 |
|
| 655 | 7 |
_aPeriodicals. _2lcgft |
|
| 700 | 1 |
_aKovach, Christine R., _eeditor. |
|
| 942 |
_2ddc _n0 _cSERIALS _eR311 _h610 _i14 _kSER _m2018 |
||
| 999 |
_c30943 _d30943 |
||